| 000 | 00580 a2200181 4500 | ||
|---|---|---|---|
| 999 |
_c5473 _d5473 |
||
| 010 | _aENG-86872 | ||
| 020 | _c110.00 | ||
| 035 | _aEN-70405 | ||
| 037 | _bDBAD / PUB | ||
| 082 | 1 | 4 | _a331 |
| 100 | 1 | _aRao, P.Subba | |
| 245 | 1 |
_aIndustrial relations : _cby P. Subba Rao _bfor sixth semester, BBM Bangalore Universty / |
|
| 260 |
_aMumbai _bHimalaya Publishing House _c2007 |
||
| 270 |
_a"Ramdoot", Dr. Bhalerao Marg, Girgaon _bMumbai _e400 004 _cMah. _mhimpub@vsnl.com |
||
| 300 |
_a192p _c24cm (Pbk) |
||
| 500 | _aIncludes index | ||
| 942 |
_adpl _cEN _2ddc _h331 _mSUB |
||